[Event "España tch - Primera División Grupo 1"]
[Site "Burguillos ESP"]
[Date "2008.08.14"]
[Round "3.23"]
[White "Arizmendi Martinez, Julen Luis"]
[Black "Pena Riasco, Alexander"]
[Result "1-0"]
[WhiteElo "2524"]
[BlackElo "2256"]
[PlyCount "115"]
[EventDate "2008.08.13"]
[EventType "team"]
[EventCountry "ESP"]
[Source "lmi"]
[SourceDate "2008.08.13"]

1. d4 Nf6 2. c4 g6 3. Nc3 Bg7 4. e4 d6 5. Nf3 O-O 6. Be2 e5 7. d5 c6 8. O-O
cxd5 9. cxd5 Nbd7 10. Bg5 h6 11. Bh4 a5 12. Nd2 Nc5 13. b3 Bd7 14. Qb1 g5 15.
Bg3 Ne8 16. a3 f5 17. f3 fxe4 18. fxe4 Rxf1+ 19. Bxf1 Nf6 20. Kh1 Qc7 21. Nb5
Bxb5 22. Bxb5 Qf7 23. Qc2 Nh5 24. Be1 Qf4 25. Rb1 Nf6 26. Bg3 Qg4 27. Re1 Nh5
28. Bf2 Nf4 29. Bf1 Ncd3 30. Qxd3 Nxd3 31. Bxd3 Rc8 32. Nc4 Bf8 33. a4 h5 34.
Bb6 h4 35. Rf1 Be7 36. Ne3 Qh5 37. Nf5 Bf8 38. Bxa5 h3 39. Ng3 hxg2+ 40. Kxg2
Qh4 41. Bd2 g4 42. Kg1 Rc7 43. Rf5 Rh7 44. Rf2 Rf7 45. Nf5 Qh3 46. Bc4 Rf6 47.
Rg2 Rg6 48. Rg3 Qh7 49. Bb5 Qc7 50. Rc3 Qb6+ 51. Kg2 Qd8 52. Rc2 Be7 53. Rc8
Kf7 54. Rxd8 Bxd8 55. a5 Bc7 56. Bd7 Kf6 57. Bc8 b5 58. Be6 1-0

[Event "España tch - Primera División Grupo 1"]
[Site "Burguillos ESP"]
[Date "2008.08.14"]
[Round "3.24"]
[White "Defez Gomez, Juan Francisco"]
[Black "Ibanez Aullana, Jose Ramon"]
[Result "1/2-1/2"]
[WhiteElo "2196"]
[BlackElo "2301"]
[PlyCount "114"]
[EventDate "2008.08.13"]
[EventType "team"]
[EventCountry "ESP"]
[Source "lmi"]
[SourceDate "2008.08.13"]

1. e4 e6 2. d4 d5 3. exd5 exd5 4. Bd3 Bd6 5. h3 Ne7 6. Qh5 Nd7 7. Bg5 c5 8.
dxc5 Nxc5 9. Bb5+ Bd7 10. Bxd7+ Qxd7 11. Bxe7 Bxe7 12. Nc3 Bf6 13. Nge2 O-O 14.
O-O Na4 15. Nxd5 Bxb2 16. Rad1 Qd6 17. Rd3 Qe5 18. Qf3 Rad8 19. Rfd1 Nc5 20.
Re3 Qb8 21. Ng3 Rde8 22. Ne7+ Kh8 23. Ngf5 Bf6 24. Rde1 Ne6 25. Nd5 Nd4 26.
Nxd4 Bxd4 27. Re4 h6 28. Qe2 Rxe4 29. Qxe4 Bc5 30. c4 Qd6 31. Qf3 Qa6 32. Qb3
Qc6 33. Qb5 Rd8 34. Rb1 Rd7 35. a4 Qd6 36. Re1 a6 37. Qb1 Qb8 38. Qf5 Qd8 39.
Nf6 gxf6 40. Qxc5 Rd1 41. Rxd1 Qxd1+ 42. Kh2 Kg7 43. a5 Qd7 44. Qb6 Kg6 45.
Qb1+ f5 46. Qb6+ f6 47. f4 Qd2 48. Qc7 Qd4 49. c5 Qd5 50. Kg3 h5 51. h4 Qe4 52.
Kh3 Qc6 53. Qe7 Qe4 54. Qc7 Qe3+ 55. g3 Qf3 56. Kh2 Kh6 57. Qe7 Qf2+ 1/2-1/2

[Event "España tch - Primera División Grupo 1"]
[Site "Burguillos ESP"]
[Date "2008.08.14"]
[Round "3.31"]
[White "Baklan, Vladimir"]
[Black "Karim, Ismael"]
[Result "1/2-1/2"]
[WhiteElo "2630"]
[PlyCount "58"]
[EventDate "2008.08.13"]
[EventType "team"]
[EventCountry "ESP"]
[Source "lmi"]
[SourceDate "2008.08.13"]
[BlackElo "2398"]

1. e4 e5 2. Nf3 Nc6 3. Nc3 Nf6 4. g3 Bb4 5. Bg2 Bxc3 6. bxc3 Nxe4 7. O-O O-O 8.
Qe1 d5 9. d3 Nf6 10. Nxe5 Nxe5 11. Qxe5 Re8 12. Qd4 h6 13. a4 c6 14. a5 Nh7 15.
c4 Be6 16. Be3 Re7 17. Qc3 Rd7 18. Bd4 c5 19. Bxc5 dxc4 20. d4 Bd5 21. Bxd5
Rxd5 22. Rab1 Ng5 23. Rxb7 Rxc5 24. dxc5 Qd5 25. Rfb1 Nf3+ 26. Kf1 Nxh2+ 27.
Kg1 Nf3+ 28. Kf1 Nd2+ 29. Kg1 Nxb1 1/2-1/2

[Event "España tch - Primera División Grupo 1"]
[Site "Burguillos ESP"]
[Date "2008.08.14"]
[Round "3.32"]
[White "Cruz Ravina, Francisco Javier"]
[Black "Babula, Vlastimil"]
[Result "0-1"]
[WhiteElo "2337"]
[BlackElo "2597"]
[PlyCount "42"]
[EventDate "2008.08.13"]
[EventType "team"]
[EventCountry "ESP"]
[Source "lmi"]
[SourceDate "2008.08.13"]

1. e4 c5 2. Nf3 d6 3. d4 cxd4 4. Qxd4 Nc6 5. Bb5 Bd7 6. Bxc6 Bxc6 7. Nc3 Nf6 8.
Bg5 e6 9. O-O-O Be7 10. Rhe1 O-O 11. Qd2 h6 12. Bf4 e5 13. Bg3 Rc8 14. Bh4 Nxe4
15. Nxe4 Bxh4 16. Qxd6 Qa5 17. Nxh4 Rfd8 18. Nf6+ gxf6 19. Qxf6 Rxd1+ 20. Kxd1
Rd8+ 21. Ke2 Qd2+ 0-1

[Event "España tch - Primera División Grupo 1"]
[Site "Burguillos ESP"]
[Date "2008.08.14"]
[Round "3.33"]
[White "Antoli Royo, Joaquin Miguel"]
[Black "Ocaña Roca, Juan Jesus"]
[Result "1-0"]
[WhiteElo "2441"]
[BlackElo "2157"]
[PlyCount "87"]
[EventDate "2008.08.13"]
[EventType "team"]
[EventCountry "ESP"]
[Source "lmi"]
[SourceDate "2008.08.13"]

1. e4 c5 2. Nf3 d6 3. c3 Nf6 4. Be2 g6 5. O-O Bg7 6. Bb5+ Bd7 7. Bxd7+ Nfxd7 8.
d4 cxd4 9. cxd4 O-O 10. Nc3 Nc6 11. Be3 Rc8 12. Qd2 a6 13. Bh6 b5 14. Bxg7 Kxg7
15. Rfe1 Nb6 16. d5 Nc4 17. Qe2 N6e5 18. Nd4 b4 19. Na4 Nb6 20. Qxa6 Nxa4 21.
Qxa4 Qb6 22. Qd1 Rc4 23. Nb3 Rfc8 24. Re2 Kg8 25. h3 Nd7 26. Rc1 Rxc1 27. Nxc1
Qc5 28. Nb3 Qa7 29. Nd4 Qxa2 30. Nc6 Re8 31. Nxb4 Qc4 32. Nc6 Nf6 33. b3 Qa6
34. Re3 e6 35. Qd4 exd5 36. exd5 Rxe3 37. fxe3 Nd7 38. b4 Qe2 39. Kh2 h5 40.
Qa7 Nf8 41. Qe7 Qf2 42. Qxd6 Qxe3 43. Qf6 Nd7 44. Ne7+ 1-0

[Event "España tch - Primera División Grupo 1"]
[Site "Burguillos ESP"]
[Date "2008.08.14"]
[Round "3.34"]
[White "Osuna Vega, Enrique"]
[Black "Fontana Sotomayor, Luis Javier"]
[Result "0-1"]
[WhiteElo "2134"]
[BlackElo "2357"]
[PlyCount "110"]
[EventDate "2008.08.13"]
[EventType "team"]
[EventCountry "ESP"]
[Source "lmi"]
[SourceDate "2008.08.13"]

1. e4 c6 2. Nf3 d5 3. Nc3 Bg4 4. h3 Bxf3 5. Qxf3 e6 6. d4 Qb6 7. Qg3 Nf6 8. Bg5
Nbd7 9. O-O-O dxe4 10. Qh4 Bb4 11. Ne2 Qa5 12. Kb1 h6 13. Bc1 Bd6 14. Bd2 g5
15. Qxh6 Rxh6 16. Bxa5 Ng4 17. Be1 f5 18. Nc3 Kf7 19. Be2 Ngf6 20. Bd2 Rg8 21.
f3 exf3 22. Bxf3 Rhh8 23. Rdf1 Kg6 24. Nd1 Rh4 25. c3 Ne4 26. Be1 Ng3 27. Bxg3
Bxg3 28. Ne3 Rgh8 29. Rhg1 Nf6 30. Kc2 Rd8 31. Rd1 Bf2 32. Rge1 Bxe1 33. Rxe1
Rf4 34. Nc4 g4 35. Ne5+ Kg7 36. Nd3 Rxf3 37. gxf3 gxh3 38. Rh1 Rh8 39. Rh2 Nd5
40. Kd2 Rh4 41. Nf2 Nf4 42. Nd3 Nxd3 43. Kxd3 Kf6 44. Ke3 Kg5 45. b3 Rh6 46. c4
Kh4 47. Kf2 Rg6 48. a3 f4 49. b4 b5 50. cxb5 cxb5 51. Kf1 Kg3 52. Kg1 Kxf3+ 53.
Kh1 Kg3 54. Ra2 f3 55. Kg1 Rg5 0-1

[Event "España tch - Primera División Grupo 1"]
[Site "Burguillos ESP"]
[Date "2008.??.??"]
[Round "3.42"]
[White "Paz Ladron De Guevara, Daniel"]
[Black "Camacho Collados, Jose"]
[Result "1/2-1/2"]
[PlyCount "122"]
[EventDate "2008.08.13"]
[EventType "team"]
[EventCountry "ESP"]
[Source "lmi"]
[SourceDate "2008.08.13"]
[WhiteElo "2356"]
[BlackElo "2276"]

1. e4 c6 2. d4 d5 3. Nc3 dxe4 4. Nxe4 Bf5 5. Ng3 Bg6 6. Nf3 Nd7 7. h4 h6 8. h5
Bh7 9. Bd3 Bxd3 10. Qxd3 e6 11. Bd2 Qc7 12. O-O-O O-O-O 13. Ne4 Ngf6 14. g3
Nxe4 15. Qxe4 Bd6 16. c4 c5 17. Bc3 Nf6 18. Qe2 cxd4 19. Rxd4 Qc5 20. Rhd1 Bc7
21. g4 Rxd4 22. Bxd4 Qa5 23. Bxf6 gxf6 24. Kb1 Rg8 25. Qe4 f5 26. gxf5 Qxf5 27.
Qxf5 exf5 28. Rd5 f4 29. Nh4 Rg1+ 30. Kc2 Rf1 31. f3 f6 32. Rd1 Rf2+ 33. Rd2
Rf1 34. Rh2 Kd7 35. Nf5 Rxf3 36. Nxh6 Rf1 37. Ng4 f5 38. Nf6+ Ke6 39. h6 Be5
40. Nd5 f3 41. h7 f2 42. Kb3 Re1 43. Rxf2 Rh1 44. Kb4 Rxh7 45. Re2 Kd6 46. Rf2
Rf7 47. Kb3 f4 48. Kc2 b5 49. b3 bxc4 50. bxc4 f3 51. Kd3 Bg3 52. Rf1 f2 53.
Ke3 Be5 54. Ke4 Ke6 55. c5 Rd7 56. Nf4+ Bxf4 57. Kxf4 Rd2 58. Ke3 Rxa2 59. Rxf2
Rxf2 60. Kxf2 a5 61. Ke3 a4 1/2-1/2

[Event "España tch - Primera División Grupo 1"]
[Site "Burguillos ESP"]
[Date "2008.??.??"]
[Round "3.43"]
[White "Camacho Collados, Marcos"]
[Black "Perez Pardo, Juan Carlos"]
[Result "1/2-1/2"]
[PlyCount "121"]
[EventDate "2008.08.13"]
[EventType "team"]
[EventCountry "ESP"]
[Source "lmi"]
[SourceDate "2008.08.13"]
[WhiteElo "2230"]
[BlackElo "2300"]

1. e4 c5 2. Nf3 Nc6 3. d4 cxd4 4. Nxd4 Qb6 5. Nb3 Nf6 6. Nc3 e6 7. Be3 Qc7 8.
a3 a6 9. Be2 b5 10. O-O Bb7 11. Nc5 Bc8 12. Nd3 Bb7 13. Nc5 Bc8 14. Nb3 d6 15.
f4 Bb7 16. Qe1 Be7 17. Rd1 O-O 18. Qg3 Kh8 19. Kh1 b4 20. axb4 Nxb4 21. Bd3 e5
22. fxe5 dxe5 23. Bg5 Nh5 24. Qh4 Bxg5 25. Qxh5 f6 26. Qe2 Rac8 27. Ra1 Rfd8
28. Rfd1 Rd6 29. Na5 Ba8 30. Ra4 Nxd3 31. Rxd3 Rcd8 32. Rxd6 Qxd6 33. Nc4 Qc6
34. Ra1 g6 35. h3 Rd4 36. Ne3 Bxe3 37. Qxe3 f5 38. Qh6 Kg8 39. Nd5 Qd6 40. Qg5
Bxd5 41. exd5 Rxd5 42. Re1 Rd2 43. Qe3 Qd5 44. Re2 Rd1+ 45. Re1 f4 46. Qg1 Rd2
47. c4 Qc6 48. Qf1 Qc5 49. b4 Qd4 50. Qf3 Kg7 51. c5 Qxb4 52. Rxe5 Rc2 53. Re7+
Kh6 54. Re4 Qxc5 55. Qxf4+ Qg5 56. Qf8+ Kh5 57. Qf3+ Kh6 58. Qf8+ Kh5 59. Qf3+
Kh6 60. Qf8+ Kh5 61. Qf3+ 1/2-1/2

[Event "España tch - Primera División Grupo 1"]
[Site "Burguillos ESP"]
[Date "2008.08.15"]
[Round "4.11"]
[White "Borisek, Jure"]
[Black "Baklan, Vladimir"]
[Result "1/2-1/2"]
[PlyCount "20"]
[EventDate "2008.08.13"]
[EventType "team"]
[EventCountry "ESP"]
[Source "lmi"]
[SourceDate "2008.08.13"]
[WhiteElo "2537"]
[BlackElo "2630"]

1. e4 c5 2. Nf3 d6 3. d4 cxd4 4. Nxd4 Nf6 5. Nc3 Bd7 6. Be3 Ng4 7. Bc1 Nf6 8.
Be3 Ng4 9. Bc1 Nf6 10. Be3 Ng4 1/2-1/2

[Event "España tch - Primera División Grupo 1"]
[Site "Burguillos ESP"]
[Date "2008.08.15"]
[Round "4.12"]
[White "Babula, Vlastimil"]
[Black "Perez Garcia, Rodney"]
[Result "1-0"]
[PlyCount "154"]
[EventDate "2008.08.13"]
[EventType "team"]
[EventCountry "ESP"]
[Source "lmi"]
[SourceDate "2008.08.13"]
[WhiteElo "2597"]
[BlackElo "2432"]

1. d4 d5 2. c4 c6 3. Nf3 Nf6 4. Nc3 dxc4 5. a4 e6 6. e3 c5 7. Bxc4 Nc6 8. O-O
cxd4 9. exd4 Be7 10. Bg5 O-O 11. Re1 Bd7 12. Qd2 Nb4 13. Rad1 Rc8 14. d5 exd5
15. Bxd5 Bc6 16. Bxc6 Qxd2 17. Rxd2 Nxc6 18. Nd4 Bb4 19. Bxf6 gxf6 20. Nf5 Rfd8
21. Rxd8+ Rxd8 22. h3 Nd4 23. Ng3 f5 24. Re5 Bxc3 25. bxc3 f4 26. Nh5 Ne6 27.
Rb5 Rd1+ 28. Kh2 b6 29. a5 Rd6 30. Nf6+ Kh8 31. axb6 Rxb6 32. Rxb6 axb6 33. c4
Nc7 34. f3 b5 35. cxb5 Nxb5 36. Nh5 Nd4 37. Nxf4 Kg7 38. Kg3 Kh6 39. Kg4 f5+
40. Kh4 Nc6 41. Nd5 Kg6 42. Kg3 Ne5 43. h4 Nd3 44. f4 Nc5 45. Nc3 h5 46. Kf3
Kf6 47. Ke3 Ke6 48. Kd4 Nb3+ 49. Kd3 Nc5+ 50. Kc4 Nd7 51. Ne2 Nf8 52. Nd4+ Kf6
53. Kd5 Ng6 54. g3 Ne7+ 55. Kc5 Ng8 56. Nf3 Ke6 57. Ng5+ Kf6 58. Kd6 Nh6 59.
Nh7+ Kg7 60. Ng5 Kf6 61. Ne6 Ng4 62. Nc7 Kf7 63. Nd5 Nf2 64. Ke5 Ne4 65. Kxf5
Nxg3+ 66. Kg5 Ne2 67. f5 Nd4 68. Ne3 Nf3+ 69. Kxh5 Kf6 70. Kg4 Ne5+ 71. Kg3 Nd3
72. Kf3 Ke5 73. Kg4 Nb4 74. Kg5 Nc6 75. Ng4+ Kd6 76. f6 Ke6 77. Kg6 Kd5 1-0

[Event "España tch - Primera División Grupo 1"]
[Site "Burguillos ESP"]
[Date "2008.08.15"]
[Round "4.13"]
[White "Recuero Guerra, David"]
[Black "Martinez Martin, David"]
[Result "1-0"]
[PlyCount "45"]
[EventDate "2008.08.13"]
[EventType "team"]
[EventCountry "ESP"]
[Source "lmi"]
[SourceDate "2008.08.13"]
[WhiteElo "2417"]
[BlackElo "2415"]

1. e4 c5 2. Nf3 d6 3. d4 Nf6 4. dxc5 Qa5+ 5. Nfd2 Qxc5 6. Nc3 Bg4 7. Be2 Bxe2
8. Qxe2 Nc6 9. Nb3 Qh5 10. f3 g6 11. Bf4 Bh6 12. g4 Qh3 13. Bg3 O-O 14. Nd1 Ne5
15. Nd4 Nexg4 16. fxg4 Nxg4 17. Rf1 e5 18. Nb5 f5 19. exf5 gxf5 20. Nxd6 Rad8
21. Qc4+ Kh8 22. Qd3 Kg8 23. Qb3+ 1-0

[Event "España tch - Primera División Grupo 1"]
[Site "Burguillos ESP"]
[Date "2008.08.15"]
[Round "4.14"]
[White "Antoli Royo, Joaquin Miguel"]
[Black "Suarez Real, Alberto"]
[Result "0-1"]
[PlyCount "62"]
[EventDate "2008.08.13"]
[EventType "team"]
[EventCountry "ESP"]
[Source "lmi"]
[SourceDate "2008.08.13"]
[WhiteElo "2441"]
[BlackElo "2401"]

1. e4 c5 2. Nf3 Nc6 3. Bb5 g6 4. O-O Bg7 5. c3 Nf6 6. Re1 O-O 7. h3 e5 8. a3
Re8 9. d3 a6 10. Bxc6 dxc6 11. Qc2 a5 12. Be3 b6 13. a4 Ba6 14. Rd1 Qc7 15. Na3
Rad8 16. Rd2 Rd7 17. Rad1 Red8 18. d4 cxd4 19. cxd4 exd4 20. Bxd4 c5 21. Be5
Qc6 22. Nc4 Rxd2 23. Rxd2 Rxd2 24. Ncxd2 Bb7 25. Qd3 h6 26. Nc4 Kh7 27. Qd8
Qxe4 28. Bxf6 Qxc4 29. Qxb6 Qc1+ 30. Kh2 Qf4+ 31. Kg1 Bxf3 0-1

[Event "España tch - Primera División Grupo 1"]
[Site "Burguillos ESP"]
[Date "2008.08.15"]
[Round "4.21"]
[White "Macieja, Bartlomiej"]
[Black "Teran Alvarez, Ismael"]
[Result "1-0"]
[PlyCount "149"]
[EventDate "2008.08.13"]
[EventType "team"]
[EventCountry "ESP"]
[Source "lmi"]
[SourceDate "2008.08.13"]
[WhiteElo "2606"]
[BlackElo "2442"]

1. e4 c5 2. Nf3 d6 3. d4 cxd4 4. Qxd4 a6 5. c4 Nc6 6. Qe3 g6 7. h3 Bg7 8. Be2
Nf6 9. O-O O-O 10. Nc3 b6 11. Rd1 Nd7 12. Qg5 Bb7 13. Qh4 Nce5 14. Nxe5 Bxe5
15. Bg5 Re8 16. Rac1 Rc8 17. b4 Bg7 18. Nd5 f6 19. Be3 e6 20. Nc3 Qc7 21. f3
Qb8 22. Qf2 Bc6 23. a3 Bf8 24. h4 Be7 25. Qg3 Bf8 26. Qf2 Be7 27. Rd2 Bf8 28.
Ra2 Ba8 29. Na4 Rc6 30. Rac2 Rec8 31. Bf1 Qc7 32. Nc3 Qb8 33. Ne2 Re8 34. Nd4
Rcc8 35. Qd2 Ne5 36. Bf2 Kf7 37. Qe3 Kg8 38. Qb3 Kf7 39. Be3 Nd7 40. Qa2 Ne5
41. a4 a5 42. bxa5 bxa5 43. Nb5 Nc6 44. Rc3 Kg7 45. Qd2 Red8 46. Rd1 Kg8 47.
Qf2 Rd7 48. Rcc1 Rcd8 49. Rb1 Qc8 50. Qg3 Kg7 51. Bb6 Re8 52. Nxd6 Bxd6 53.
Rxd6 Ne5 54. Rxd7+ Qxd7 55. Rb5 Bc6 56. Rxa5 Rb8 57. Ra7 Rb7 58. Rxb7 Bxb7 59.
f4 Nf7 60. Qc3 e5 61. fxe5 Nxe5 62. Bd4 Qc7 63. Bxe5 fxe5 64. c5 Bxe4 65. Bb5
Bd5 66. c6 Kf6 67. Qc5 Ke6 68. Bc4 Bxc4 69. Qxc4+ Kd6 70. Qd3+ Kc5 71. Qb5+ Kd4
72. a5 Qe7 73. c7 Qxc7 74. Qb6+ Qc5 75. Kf2 1-0

[Event "España tch - Primera División Grupo 1"]
[Site "Burguillos ESP"]
[Date "2008.08.15"]
[Round "4.22"]
[White "Razmyslov, Alexander"]
[Black "Wojtaszek, Radoslaw"]
[Result "1/2-1/2"]
[PlyCount "71"]
[EventDate "2008.08.13"]
[EventType "team"]
[EventCountry "ESP"]
[Source "lmi"]
[SourceDate "2008.08.13"]
[WhiteElo "2387"]
[BlackElo "2593"]

1. d4 Nf6 2. c4 g6 3. Nc3 Bg7 4. e4 d6 5. Nf3 O-O 6. Be2 e5 7. O-O Nbd7 8. Re1
c6 9. Bf1 h6 10. Rb1 Nh7 11. dxe5 dxe5 12. b4 Qe7 13. b5 Rd8 14. bxc6 bxc6 15.
Qa4 Qf6 16. Be3 Ndf8 17. Nd2 Ng5 18. Nb3 Bg4 19. Na5 Rac8 20. Nb7 Rd4 21. Qxa7
Nfe6 22. Nc5 Nf4 23. Bxf4 exf4 24. e5 Qf5 25. e6 fxe6 26. Rb7 Bh8 27. h4 Nf3+
28. gxf3 Bxf3 29. Kh2 Qg4 30. Bh3 Qxh4 31. Rg1 Qxf2+ 32. Rg2 Qxg2+ 33. Bxg2 Rd2
34. Nxe6 Rxg2+ 35. Kh3 Rg3+ 36. Kh2 1/2-1/2

[Event "España tch - Primera División Grupo 1"]
[Site "Burguillos ESP"]
[Date "2008.08.15"]
[Round "4.23"]
[White "Arizmendi Martinez, Julen Luis"]
[Black "Garrido Dominguez, Jesus"]
[Result "1-0"]
[PlyCount "43"]
[EventDate "2008.08.13"]
[EventType "team"]
[EventCountry "ESP"]
[Source "lmi"]
[SourceDate "2008.08.13"]
[WhiteElo "2524"]
[BlackElo "2324"]

1. d4 d6 2. e4 Nf6 3. Nc3 e5 4. Nf3 Nbd7 5. Bc4 Be7 6. O-O O-O 7. Re1 c6 8. a4
b6 9. h3 a6 10. Ba2 Bb7 11. dxe5 dxe5 12. Nh4 g6 13. Bh6 Re8 14. Qf3 Nf8 15.
Nf5 Qc7 16. Nd1 Bc8 17. Nde3 gxf5 18. Qg3+ Ng6 19. exf5 Bxf5 20. Nxf5 Bf8 21.
Qg5 Nd5 22. Bxf8 1-0

[Event "España tch - Primera División Grupo 1"]
[Site "Burguillos ESP"]
[Date "2008.08.15"]
[Round "4.24"]
[White "Barrero Garcia, Carlos"]
[Black "Sanchez Guirado, Francisco"]
[Result "1/2-1/2"]
[PlyCount "121"]
[EventDate "2008.08.13"]
[EventType "team"]
[EventCountry "ESP"]
[Source "lmi"]
[SourceDate "2008.08.13"]
[WhiteElo "2339"]
[BlackElo "2415"]

1. d4 d5 2. c4 c6 3. Nc3 Nf6 4. e3 e6 5. Nf3 Nbd7 6. Qc2 Bd6 7. e4 dxe4 8. Nxe4
Nxe4 9. Qxe4 Bb4+ 10. Bd2 Qa5 11. a3 Bxd2+ 12. Nxd2 Nf6 13. Qe5 Qd8 14. O-O-O
O-O 15. Bd3 b6 16. g4 Nxg4 17. Qg3 f5 18. Nf3 Qf6 19. h3 Nh6 20. Qc7 Rf7 21.
Qf4 Bb7 22. c5 bxc5 23. dxc5 Bc8 24. Bc4 Rb7 25. Qe5 Nf7 26. Qxf6 gxf6 27. Rhe1
Re7 28. Nd4 Kf8 29. Nxe6+ Bxe6 30. Rxe6 Ne5 31. Rxf6+ Kg7 32. Re6 Rxe6 33. Bxe6
Kf6 34. f4 Ng6 35. Rd6 Nxf4 36. Bd7+ Ke5 37. Bxc6 Rg8 38. Bd7 Rg3 39. Kc2 Rxh3
40. Rd2 Nd5 41. c6 Rh4 42. Re2+ Kd6 43. Re6+ Kc7 44. Re5 Nb6 45. Be8 Re4 46.
Rxe4 fxe4 47. b4 Nd5 48. b5 e3 49. Bh5 Nf4 50. Bf3 h5 51. a4 Ne6 52. Bxh5 Kb6
53. Bf7 Nc7 54. Kd3 a6 55. Bc4 axb5 56. Bxb5 Nd5 57. Kd4 Ne7 58. Kxe3 Nxc6 59.
Ke4 Nb4 60. Kd4 Ka5 61. Bc4 1/2-1/2

[Event "España tch - Primera División Grupo 1"]
[Site "Burguillos ESP"]
[Date "2008.08.15"]
[Round "4.31"]
[White "Cabrera, Alexis"]
[Black "Garcia Luque, Agustin"]
[Result "1-0"]
[PlyCount "79"]
[EventDate "2008.08.13"]
[EventType "team"]
[EventCountry "ESP"]
[Source "lmi"]
[SourceDate "2008.08.13"]
[WhiteElo "2513"]
[BlackElo "2391"]

1. d4 Nf6 2. c4 g6 3. f3 Bg7 4. e4 d6 5. Nc3 e5 6. Nge2 c6 7. Bg5 Nbd7 8. Qd2
a6 9. d5 h6 10. Be3 cxd5 11. cxd5 b5 12. Ng3 h5 13. Bd3 Nb6 14. O-O Bd7 15. b3
h4 16. Nge2 Nh5 17. a4 b4 18. Nd1 a5 19. Nb2 Nf4 20. Nxf4 exf4 21. Bxf4 Bc3 22.
Qc1 Qf6 23. Ra2 Rc8 24. Nc4 Nxc4 25. Bxc4 Rxc4 26. bxc4 Qd4+ 27. Raf2 h3 28.
Bxd6 hxg2 29. Rd1 Qxc4 30. Qg5 f6 31. Qxg6+ Kd8 32. e5 Qf4 33. Qxf6+ Qxf6 34.
exf6 Bxa4 35. Rc1 Kd7 36. Bc5 Bb3 37. f7 Bxd5 38. f8=Q Rxf8 39. Bxf8 a4 40.
Rxc3 1-0

[Event "España tch - Primera División Grupo 1"]
[Site "Burguillos ESP"]
[Date "2008.08.15"]
[Round "4.32"]
[White "Rico Galiano, Arsenio"]
[Black "Garcia Roman, Daniel"]
[Result "0-1"]
[PlyCount "92"]
[EventDate "2008.08.13"]
[EventType "team"]
[EventCountry "ESP"]
[Source "lmi"]
[SourceDate "2008.08.13"]
[WhiteElo "2264"]
[BlackElo "2428"]

1. d4 e6 2. c4 Nf6 3. Nc3 Bb4 4. Qc2 O-O 5. Bg5 h6 6. Bh4 c5 7. e3 cxd4 8. exd4
b6 9. Bd3 Bb7 10. Nge2 Nc6 11. O-O Be7 12. a3 Rc8 13. b4 e5 14. Bxf6 Bxf6 15.
d5 Nd4 16. Qd1 e4 17. Nxe4 Nxe2+ 18. Qxe2 Bxa1 19. Rxa1 f5 20. Ng3 b5 21. c5
Bxd5 22. Bxb5 f4 23. Ne4 Kh8 24. Rd1 Bc6 25. Bxc6 Rxc6 26. Qd3 Re6 27. f3 Qh4
28. Qd5 Rg6 29. Qxd7 Qh5 30. Kh1 Kh7 31. c6 Qb5 32. Qe7 Rc8 33. c7 Qc6 34. Nc5
Rxc7 35. Qe5 Rf7 36. h4 a5 37. h5 Rg5 38. Qe4+ Qxe4 39. Nxe4 Rxh5+ 40. Kg1 axb4
41. axb4 Rb7 42. g4 fxg3 43. Nxg3 Rg5 44. Kf2 Rxb4 45. Rd2 Rgb5 46. Ne2 Rb2 0-1

[Event "España tch - Primera División Grupo 1"]
[Site "Burguillos ESP"]
[Date "2008.08.15"]
[Round "4.33"]
[White "Pena Riasco, Alexander"]
[Black "Medina Carrasco, Santiago"]
[Result "0-1"]
[PlyCount "50"]
[EventDate "2008.08.13"]
[EventType "team"]
[EventCountry "ESP"]
[Source "lmi"]
[SourceDate "2008.08.13"]
[WhiteElo "2256"]
[BlackElo "2214"]

1. d4 d5 2. c4 e6 3. Nc3 Nf6 4. Nf3 Be7 5. e3 O-O 6. Qc2 b6 7. cxd5 exd5 8. Bd3
Bb7 9. O-O c5 10. Rd1 Nc6 11. Be2 a6 12. dxc5 bxc5 13. b3 Qc7 14. Bb2 d4 15.
exd4 Nb4 16. Qb1 Rad8 17. dxc5 Bxc5 18. a3 Ng4 19. Rxd8 Rxd8 20. Ne4 Nc2 21.
Neg5 Bxf2+ 22. Kh1 Be3 23. Bc4 Nf2+ 24. Kg1 Rd1+ 25. Qxd1 Nxd1+ 0-1

[Event "España tch - Primera División Grupo 1"]
[Site "Burguillos ESP"]
[Date "2008.08.15"]
[Round "4.34"]
[White "Barrantes Muñoz, Hugo Pedro"]
[Black "Sanchez Romero, Miguel Angel"]
[Result "1/2-1/2"]
[PlyCount "68"]
[EventDate "2008.08.13"]
[EventType "team"]
[EventCountry "ESP"]
[Source "lmi"]
[SourceDate "2008.08.13"]
[WhiteElo "2200"]
[BlackElo "2259"]

1. d4 Nf6 2. Bg5 Ne4 3. Bf4 d5 4. e3 c5 5. Bd3 Nf6 6. c3 Nc6 7. Nd2 g6 8. Ngf3
Bg7 9. O-O O-O 10. h3 Nd7 11. Bg5 Qb6 12. Qb3 c4 13. Qxb6 axb6 14. Bc2 f6 15.
Bh4 b5 16. e4 e6 17. exd5 exd5 18. a3 Nb6 19. Rfe1 Bd7 20. Nf1 Rfe8 21. Bg3 Na4
22. Bxa4 bxa4 23. Ne3 Ra5 24. Bd6 Rb5 25. Bb4 Na5 26. Nc2 Re6 27. Rxe6 Bxe6 28.
Re1 Kf7 29. g4 Nc6 30. Ne3 Bh6 31. Nh4 Nxb4 32. cxb4 Rb6 33. Nd1 Bd7 34. Nc3
Re6 1/2-1/2

[Event "España tch - Primera División Grupo 1"]
[Site "Burguillos ESP"]
[Date "2008.08.15"]
[Round "4.41"]
[White "Cramling, Pia"]
[Black "Escobar Dominguez, Daniel"]
[Result "1-0"]
[PlyCount "63"]
[EventDate "2008.08.13"]
[EventType "team"]
[EventCountry "ESP"]
[Source "lmi"]
[SourceDate "2008.08.13"]
[WhiteElo "2544"]
[BlackElo "2357"]

1. d4 Nf6 2. Nf3 e6 3. c4 b6 4. Nc3 Bb4 5. Qb3 Bxc3+ 6. Qxc3 Bb7 7. g3 d6 8.
Bg2 Nbd7 9. O-O O-O 10. b3 Qe7 11. Bb2 Rfe8 12. Rad1 Rad8 13. Rfe1 h6 14. d5 e5
15. Nh4 Nh7 16. f4 Bc8 17. Rf1 Ndf6 18. e4 a5 19. Rde1 Nf8 20. Qc1 Nh5 21. fxe5
dxe5 22. Ba3 Qg5 23. Qxg5 hxg5 24. Nf5 Bxf5 25. Rxf5 g6 26. Rf2 g4 27. Bf1 Nd7
28. Be2 Nhf6 29. Bd1 Kg7 30. Ref1 Rf8 31. Bc2 Rfe8 32. Bc1 1-0

[Event "España tch - Primera División Grupo 1"]
[Site "Burguillos ESP"]
[Date "2008.08.15"]
[Round "4.42"]
[White "Urbina Perez, Juan Antonio"]
[Black "Paz Ladron De Guevara, Daniel"]
[Result "0-1"]
[PlyCount "104"]
[EventDate "2008.08.13"]
[EventType "team"]
[EventCountry "ESP"]
[Source "lmi"]
[SourceDate "2008.08.13"]
[WhiteElo "2223"]
[BlackElo "2356"]

1. e4 e6 2. d4 d5 3. Nd2 c5 4. exd5 exd5 5. Ngf3 Bd6 6. Bb5+ Nc6 7. dxc5 Bxc5
8. O-O Nge7 9. Nb3 Bd6 10. Re1 O-O 11. Bg5 Qc7 12. Bd3 Bg4 13. h3 Bh5 14. c3
Rfe8 15. Be2 a6 16. Nfd4 Bg6 17. Bd3 Ne5 18. Bxg6 N7xg6 19. Nf5 Nc4 20. Qxd5
Re5 21. Rxe5 Bxe5 22. Qc5 Nxb2 23. Qxc7 Bxc7 24. Rb1 Nc4 25. Nd2 Nxd2 26. Bxd2
b5 27. Be3 Ne5 28. Bd4 Re8 29. Ne3 Nc6 30. Kf1 Rd8 31. Rd1 f6 32. Ke2 Kf7 33.
Bc5 Rxd1 34. Kxd1 Bf4 35. Kc2 Bxe3 36. Bxe3 Ke6 37. Bc5 Kd5 38. Bf8 g6 39. Bg7
f5 40. Bf6 Kc4 41. f3 Nb8 42. g4 Nd7 43. Bd4 a5 44. h4 a4 45. h5 b4 46. hxg6
hxg6 47. gxf5 gxf5 48. Bg7 b3+ 49. axb3+ axb3+ 50. Kb2 Nc5 51. Bd4 Na4+ 52. Ka3
b2 0-1